000 00921cam a22003013a 4500
001 25947
003 PGUSA
005 20140828083546.0
008 080702s2008||||xxu|||||s|||||000 1 eng d
040 _aPGUSA
_beng
042 _adc
050 4 _aPH
100 1 _aO'Brien, Joseph
245 1 4 _aThe Devil :
_bA Tragedy of the Heart and Conscience
_h[electronic resource] /
_cJoseph O'Brien
260 _bProject Gutenberg,
_c2008
500 _aAdaption of "Az ördög" by Molnar
506 _aPublic domain in the USA.
516 _aElectronic text
653 _aMan-woman relationships -- Fiction
653 _aDevil -- Fiction
700 1 _aWilcox, Ella Wheeler,
_d1850-1919
700 1 _aMolnár, Ferenc,
_d1878-1952
700 1 _aManning, Marie,
_d-1945
700 1 _aSavage, Henry W.,
_d1859-1927
830 0 _aProject Gutenberg
_v25947
856 4 0 _uhttp://www.gutenberg.org/ebooks/25947
942 _cEB
999 _c255202
_d255202